Založenie podniku, administratívne a registračné kroky na začatie živnostenského podnikania a podnikania v spoločnosti s ručením obmedzeným

Administratívne a registračné povinnosti, ktoré musí podnikateľ urobiť pri založení podniku. Jednotlivé kroky založenia živnosti a spoločnosti s ručením obmedzeným. Výhody a nevýhody najčastejšie využívaných právnych foriem podnikania na Slovensku.

Guardado en:
Detalles Bibliográficos
Autor principal: Markovičová, Marta, 1962-
Formato: Capítulo de libro
Lenguaje:eslovaco
Materias:
Etiquetas: Agregar Etiqueta
Sin Etiquetas, Sea el primero en etiquetar este registro!

MARC

LEADER 00000nla a2200000 4500
001 0180005
005 20240502073048.1
041 0 |a slo 
044 |a SK 
245 1 0 |a Založenie podniku, administratívne a registračné kroky na začatie živnostenského podnikania a podnikania v spoločnosti s ručením obmedzeným  |c Marta Markovičová 
520 |a Administratívne a registračné povinnosti, ktoré musí podnikateľ urobiť pri založení podniku. Jednotlivé kroky založenia živnosti a spoločnosti s ručením obmedzeným. Výhody a nevýhody najčastejšie využívaných právnych foriem podnikania na Slovensku. 
610 2 0 |a založenie podniku 
610 2 0 |a formy podnikov 
610 2 0 |a spoločnosti s r.o. 
610 2 0 |a podnikanie živnostenské 
610 2 0 |a typológia podnikov 
610 2 0 |a podnikatelia 
100 1 |a Markovičová, Marta, 1962-